000 00580nam a22001817a 4500
008 160328b xxu||||| |||| 00| 0 eng d
020 _a9780273779827
082 _22013
_aDC 658.8
_bK84
100 _94370
_aKotler, Philip
245 _aPrinciples of marketing/
_cPhilip Kotler
250 _aFourteenth Edition
260 _aBoston:
_bPearson Education Limited,
_cc2013.
300 _a136 pages:
_billustrations;
_c27.7 cm.
500 _aIncludes bibliographical references, glossary and index.
650 0 _94371
_aMarketing
700 _94372
_aArmstrong, Gary
942 _2ddc
_cBK
999 _c1441
_d1441